000 00705nam a2200205 a 4500
008 120125s2005 ||||||||||||||||| || u
020 _a9780070597884
050 _aHG 4026 Ros
100 _aRoss, Stephen A
245 1 0 _aCorporate finance. (7th ed.)
250 _a7th ed.
260 _aNew Delhi:
_bTata McGraw Hill
_c2005
300 _axxxiii, 942p.: ill.
350 _a0.00
650 0 _aFINANCE--DEVELOPING COUNTRIES
650 _aCORPORATIONS--FINANCE
700 _aWesterfield, Stephen A
700 _aJaffe, Jeffrey
995 _D0.00
_FCBU-MAIN LIBRARY (Kitwe)
_H1
_I0.00
_M1
_UAVAILABLE
_WFeb 23, 2012
_ZMain Library Open Access Collection
999 _c38868
_d38868